Hospodářský vývoj Československa

Gespeichert in:
Bibliographische Detailangaben
1. Verfasser: Kazimour, Jan
Format: Buch
Sprache:Tschechisch
Veröffentlicht: Praha Státní nakladatelství technické literatury 1980
Tags: Tag hinzufügen
Keine Tags, Fügen Sie das erste Tag hinzu!

MARC

LEADER 00000nam a2200000 4500
001 c139483
005 20041019155316.1
041 0 |a cze 
044 |a CZ 
245 1 0 |a Hospodářský vývoj Československa  |c Jan Kazimour 
264 1 |a Praha  |b Státní nakladatelství technické literatury  |c 1980 
300 |a 160 s. 
100 1 |a Kazimour, Jan